Mestský polyfunkčný komplex Harbour City – Bratislava, Ružinov

Guardado en:
Detalles Bibliográficos
Autor principal: Fuchsová, Barbora (Autor)
Otros Autores: Kosnáč, Pavel (Orientador)
Formato: Manuscrito Libro
Lenguaje:eslovaco
Publicado: Bratislava 2019
Materias:
Acceso en línea:http://is.stuba.sk/zp/portal_zp.pl?podrobnosti=146523
Etiquetas: Agregar Etiqueta
Sin Etiquetas, Sea el primero en etiquetar este registro!

MARC

LEADER 00000ntm a22000003a 4500
001 stuzp72854
003 SK-STU
005 20200908090159.0
007 ta
008 150427s2015----xo-----f-mn---000-0-slo-d
040 |a STU  |b slo 
041 0 |a slo 
100 1 |a Fuchsová, Barbora  |u 051110  |k Z4  |4 aut  |U FAD Fakulta architektúry  |T FA Ústav architektúry obytných budov  |X 65405  |U A1110  |Y 392  |7 65405 
242 0 1 |a Multifunctional residential complex Harbour City – Bratislava, Ružinov  |y eng 
245 1 0 |a Mestský polyfunkčný komplex Harbour City – Bratislava, Ružinov 
260 |c 2019  |a Bratislava 
650 4 |a polyfunkčný obytný komplex  |2 slo 
650 4 |a zimný prístav  |2 slo 
650 4 |a industriálny charakter  |2 slo 
650 4 |a winter harbour  |2 eng 
650 4 |a multifunctional residential complex  |2 eng 
650 4 |a industrial charakter  |2 eng 
700 1 |a Kosnáč, Pavel  |u 051110  |k Z8  |4 ths  |U FAD Fakulta architektúry  |T FA Ústav architektúry obytných budov  |X 4204  |U A1110  |Y 392  |7 A000004204 
856 4 |u http://is.stuba.sk/zp/portal_zp.pl?podrobnosti=146523  |u https://opac.crzp.sk/?fn=detailBiblioForm&sid=9F8942B94996237AABF91CF666DC